Statistics for Countries Jiaozira Has Been To (With a Map)

Click here to take the quiz!

General Stats

  • This quiz has been taken 124 times
    (42 since last reset)
  • The average score is 6 of 9

Answers on the Map

Answers color-coded by a green-red scale on the quiz's map according to % correct below.
 

Answer Stats

Countries% Correct
Canada
100%
United States
100%
Mexico
97%
Turks and Caicos (UK)
92%
China
86%
Costa Rica
49%
Jamaica
38%
Belize
35%
Nepal
24%

Score Distribution

Percentile by Number Answered

Percent of People with Each Score

Your Score History

You have not taken this quiz since the last reset